[Event "DEM U10 2024"]
[Site "Willingen GER"]
[Date "2024.05.21"]
[Round "5"]
[White "Meitzner, Jonathan Franz"]
[Black "Becker, Linus"]
[Result "1/2-1/2"]
[Termination "normal"]
[Board "6"]
[WhiteElo "1730"]
[BlackElo "1705"]
[WhiteClock "00:33:23"]
[BlackClock "00:26:07"]
[PlyCount "90"]
[WhiteFideId "34616110"]
[BlackFideId "34614958"]
[EventCountry "GER"]
[EventRounds "11"]
[EventType "swiss"]
[EventDate "2024.05.18"]

1. e4 {[%clk 01:15:57]} {[%emt 00:00:03]} c5 {[%clk 01:15:56]} {[%emt
00:00:04]} 2. Nf3 {[%clk 01:16:23]} {[%emt 00:00:05]} Nc6 {[%clk 01:16:21]}
{[%emt 00:00:04]} 3. d4 {[%clk 01:16:44]} {[%emt 00:00:08]} cxd4 {[%clk
01:16:45]} {[%emt 00:00:06]} 4. Nxd4 {[%clk 01:17:05]} {[%emt 00:00:10]} g6
{[%clk 01:17:11]} {[%emt 00:00:05]} 5. c4 {[%clk 01:17:21]} {[%emt 00:00:13]}
Bg7 {[%clk 01:17:34]} {[%emt 00:00:07]} 6. Be3 {[%clk 01:17:35]} {[%emt
00:00:16]} Nf6 {[%clk 01:17:48]} {[%emt 00:00:16]} 7. Nc3 {[%clk 01:17:47]}
{[%emt 00:00:18]} O-O {[%clk 01:17:54]} {[%emt 00:00:24]} 8. Be2 {[%clk
01:18:04]} {[%emt 00:00:12]} Qa5 {[%clk 01:16:42]} {[%emt 00:01:42]} 9. O-O
{[%clk 01:16:38]} {[%emt 00:01:56]} d6 {[%emt 00:01:36]} 10. a3 {[%clk
01:15:48]} {[%emt 00:01:18]} a6 {[%clk 01:13:53]} {[%emt 00:02:16]} 11. b4
{[%clk 01:10:04]} {[%emt 00:06:14]} Qc7 {[%clk 01:12:02]} {[%emt 00:02:21]} 12.
Rc1 {[%clk 01:08:24]} {[%emt 00:02:07]} Rb8 {[%clk 01:06:36]} {[%emt 00:05:59]}
13. f3 {[%clk 01:02:14]} {[%emt 00:06:40]} Nxd4 {[%clk 01:02:29]} {[%emt
00:04:37]} 14. Bxd4 {[%clk 01:00:33]} {[%emt 00:02:11]} Qd8 {[%clk 01:01:21]}
{[%emt 00:01:38]} 15. Qd2 {[%clk 00:53:14]} {[%emt 00:07:48]} Bd7 {[%clk
00:56:50]} {[%emt 00:05:02]} 16. Rfd1 {[%clk 00:49:38]} {[%emt 00:04:06]} Ne8
{[%clk 00:53:58]} {[%emt 00:03:22]} 17. Bxg7 {[%clk 00:48:56]} {[%emt
00:01:13]} Nxg7 {[%clk 00:52:35]} {[%emt 00:01:52]} 18. c5 {[%clk 00:47:58]}
{[%emt 00:01:28]} Ne8 {[%clk 00:44:07]} {[%emt 00:08:58]} 19. cxd6 {[%clk
00:47:44]} {[%emt 00:00:44]} Qb6+ {[%clk 00:43:18]} {[%emt 00:01:19]} 20. Qd4
{[%clk 00:47:29]} {[%emt 00:00:45]} Qxd4+ {[%clk 00:40:05]} {[%emt 00:03:43]}
21. Rxd4 {[%clk 00:47:52]} {[%emt 00:00:08]} exd6 {[%clk 00:40:17]} {[%emt
00:00:17]} 22. e5 {[%clk 00:48:10]} {[%emt 00:00:12]} Be6 {[%clk 00:40:01]}
{[%emt 00:00:46]} 23. exd6 {[%clk 00:48:14]} {[%emt 00:00:26]} Rd8 {[%clk
00:40:04]} {[%emt 00:00:26]} 24. Rcd1 {[%clk 00:47:41]} {[%emt 00:01:04]} f5
{[%clk 00:39:45]} {[%emt 00:00:49]} 25. R1d2 {[%clk 00:47:06]} {[%emt
00:01:06]} Nf6 {[%clk 00:35:40]} {[%emt 00:04:34]} 26. Na4 {[%clk 00:46:05]}
{[%emt 00:01:31]} Nd7 {[%clk 00:34:53]} {[%emt 00:01:17]} 27. Nc5 {[%clk
00:44:27]} {[%emt 00:02:08]} Nxc5 {[%clk 00:35:09]} {[%emt 00:00:15]} 28. bxc5
{[%clk 00:44:52]} {[%emt 00:00:05]} Rc8 {[%clk 00:35:04]} {[%emt 00:00:29]} 29.
Bc4 {[%clk 00:43:54]} {[%emt 00:01:33]} Bxc4 {[%clk 00:33:05]} {[%emt
00:02:29]} 30. Rxc4 {[%clk 00:44:18]} {[%emt 00:00:05]} Rc6 {[%clk 00:33:01]}
{[%emt 00:00:34]} 31. Rb2 {[%clk 00:42:06]} {[%emt 00:02:42]} Rb8 {[%clk
00:31:16]} {[%emt 00:02:16]} 32. Rb6 {[%clk 00:35:07]} {[%emt 00:07:27]} Rxb6
{[%clk 00:29:57]} {[%emt 00:01:51]} 33. cxb6 {[%clk 00:35:31]} {[%emt
00:00:06]} Rd8 {[%clk 00:30:23]} {[%emt 00:00:03]} 34. Rc7 {[%clk 00:35:53]}
{[%emt 00:00:09]} Rxd6 {[%clk 00:30:40]} {[%emt 00:00:13]} 35. Rxb7 {[%clk
00:36:17]} {[%emt 00:00:06]} Rd1+ {[%clk 00:28:52]} {[%emt 00:02:17]} 36. Kf2
{[%clk 00:36:37]} {[%emt 00:00:11]} Rb1 {[%clk 00:29:08]} {[%emt 00:00:14]} 37.
Rb8+ {[%clk 00:37:01]} {[%emt 00:00:06]} Kg7 {[%clk 00:29:27]} {[%emt
00:00:11]} 38. a4 {[%clk 00:37:02]} {[%emt 00:00:28]} a5 {[%clk 00:28:04]}
{[%emt 00:01:54]} 39. b7 {[%clk 00:37:26]} {[%emt 00:00:05]} f4 {[%clk
00:27:46]} {[%emt 00:00:48]} 40. Ke2 {[%clk 00:36:50]} {[%emt 00:01:04]} Rb4
{[%clk 00:27:42]} {[%emt 00:00:37]} 41. Kd3 {[%clk 00:36:14]} {[%emt 00:01:06]}
h6 {[%clk 00:27:12]} {[%emt 00:01:00]} 42. g3 {[%clk 00:32:59]} {[%emt
00:03:46]} g5 {[%clk 00:26:34]} {[%emt 00:01:07]} 43. gxf4 {[%clk 00:32:45]}
{[%emt 00:00:43]} gxf4 {[%clk 00:26:54]} {[%emt 00:00:09]} 44. Ra8 {[%clk
00:33:00]} {[%emt 00:00:16]} Rxb7 {[%clk 00:26:52]} {[%emt 00:00:32]} 45. Rxa5
{[%clk 00:33:23]} {[%emt 00:00:07]} Re7 {[%clk 00:26:07]} 1/2-1/2

[Event "DEM U10 2024"]
[Site "Willingen GER"]
[Date "2024.05.21"]
[Round "5"]
[White "Barsov, Mikhail"]
[Black "Naumann, Lennart"]
[Result "1/2-1/2"]
[Termination "normal"]
[Board "7"]
[WhiteElo "1708"]
[BlackElo "1707"]
[WhiteClock "00:18:53"]
[BlackClock "00:13:13"]
[PlyCount "97"]
[WhiteFideId "34623906"]
[BlackFideId "34644830"]
[EventCountry "GER"]
[EventRounds "11"]
[EventType "swiss"]
[EventDate "2024.05.18"]

1. c4 {[%clk 01:15:58]} {[%emt 00:00:02]} e5 {[%clk 01:15:54]} {[%emt
00:00:05]} 2. Nc3 {[%clk 01:16:25]} {[%emt 00:00:03]} Nf6 {[%clk 01:16:13]}
{[%emt 00:00:11]} 3. g3 {[%clk 01:16:54]} {[%emt 00:00:03]} c6 {[%clk
01:16:31]} {[%emt 00:00:11]} 4. Nf3 {[%clk 01:17:19]} {[%emt 00:00:05]} e4
{[%clk 01:16:46]} {[%emt 00:00:15]} 5. Nd4 {[%clk 01:17:44]} {[%emt 00:00:04]}
Qb6 {[%clk 01:16:52]} {[%emt 00:00:24]} 6. e3 {[%clk 01:14:42]} {[%emt
00:03:33]} d5 {[%clk 01:17:04]} {[%emt 00:00:17]} 7. cxd5 {[%clk 01:14:58]}
{[%emt 00:00:14]} cxd5 {[%clk 01:17:24]} {[%emt 00:00:11]} 8. Bg2 {[%clk
01:15:01]} {[%emt 00:00:27]} Nbd7 {[%clk 01:16:45]} {[%emt 00:01:09]} 9. O-O
{[%clk 01:14:26]} {[%emt 00:01:05]} Ne5 {[%clk 01:16:17]} {[%emt 00:00:58]} 10.
f3 {[%clk 01:02:55]} {[%emt 00:12:01]} exf3 {[%clk 00:32:31]} {[%emt 00:44:15]}
11. Nxf3 {[%clk 01:03:07]} {[%emt 00:00:19]} Nc6 {[%clk 00:25:21]} {[%emt
00:07:39]} 12. Kh1 {[%clk 00:56:04]} {[%emt 00:07:34]} h5 {[%clk 00:22:37]}
{[%emt 00:03:12]} 13. e4 {[%clk 00:51:47]} {[%emt 00:04:49]} dxe4 {[%clk
00:21:22]} {[%emt 00:01:45]} 14. Re1 {[%clk 00:49:06]} {[%emt 00:03:11]} Bf5
{[%clk 00:17:48]} {[%emt 00:04:04]} 15. Ng5 {[%clk 00:48:18]} {[%emt 00:01:17]}
O-O-O {[%clk 00:15:16]} {[%emt 00:03:03]} 16. Nxf7 {[%clk 00:47:48]} {[%emt
00:00:59]} Ng4 {[%clk 00:15:32]} {[%emt 00:00:13]} 17. Rf1 {[%clk 00:36:23]}
{[%emt 00:11:57]} Nf2+ {[%clk 00:14:46]} {[%emt 00:01:16]} 18. Rxf2 {[%clk
00:34:52]} {[%emt 00:02:01]} Qxf2 {[%clk 00:15:09]} {[%emt 00:00:07]} 19. Nxd8
{[%clk 00:22:21]} {[%emt 00:13:01]} Kxd8 {[%clk 00:11:00]} {[%emt 00:04:39]}
20. Qg1 {[%clk 00:18:52]} {[%emt 00:03:58]} Qxg1+ {[%clk 00:09:41]} {[%emt
00:01:51]} 21. Kxg1 {[%clk 00:19:18]} {[%emt 00:00:03]} Bc5+ {[%clk 00:09:55]}
{[%emt 00:00:16]} 22. Kh1 {[%clk 00:18:46]} {[%emt 00:01:02]} h4 {[%clk
00:09:06]} {[%emt 00:01:18]} 23. gxh4 {[%clk 00:17:37]} {[%emt 00:01:40]} Be7
{[%clk 00:07:33]} {[%emt 00:02:03]} 24. Bxe4 {[%clk 00:16:53]} {[%emt
00:01:15]} Bxe4+ {[%clk 00:07:31]} {[%emt 00:00:32]} 25. Nxe4 {[%clk 00:17:19]}
{[%emt 00:00:04]} Rxh4 {[%clk 00:06:57]} {[%emt 00:01:03]} 26. d3 {[%clk
00:16:03]} {[%emt 00:01:47]} Ne5 {[%clk 00:04:05]} {[%emt 00:03:20]} 27. Bg5
{[%clk 00:13:14]} {[%emt 00:03:17]} Bxg5 {[%clk 00:03:47]} {[%emt 00:00:50]}
28. Nxg5 {[%clk 00:12:50]} {[%emt 00:00:55]} Rg4 {[%clk 00:03:28]} {[%emt
00:00:48]} 29. Rg1 {[%clk 00:09:35]} {[%emt 00:03:43]} Rxg1+ {[%clk 00:02:25]}
{[%emt 00:01:36]} 30. Kxg1 {[%clk 00:10:00]} {[%emt 00:00:05]} Nxd3 {[%clk
00:01:54]} {[%emt 00:01:01]} 31. Ne6+ {[%clk 00:10:22]} {[%emt 00:00:07]} Kd7
{[%clk 00:01:16]} {[%emt 00:01:09]} 32. Nxg7 {[%clk 00:10:48]} {[%emt
00:00:04]} Nxb2 {[%clk 00:01:41]} {[%emt 00:00:05]} 33. h4 {[%clk 00:11:10]}
{[%emt 00:00:08]} Ke7 {[%clk 00:01:55]} {[%emt 00:00:16]} 34. h5 {[%clk
00:11:29]} {[%emt 00:00:11]} Kf6 {[%clk 00:02:01]} {[%emt 00:00:24]} 35. h6
{[%clk 00:11:48]} {[%emt 00:00:10]} Kg6 {[%clk 00:02:24]} {[%emt 00:00:07]} 36.
Nf5 {[%clk 00:11:34]} {[%emt 00:00:45]} Nc4 {[%clk 00:02:31]} {[%emt 00:00:22]}
37. Kf2 {[%clk 00:10:56]} {[%emt 00:01:08]} a6 {[%clk 00:02:22]} {[%emt
00:00:40]} 38. Ke2 {[%clk 00:09:40]} {[%emt 00:01:45]} b5 {[%clk 00:01:53]}
{[%emt 00:00:59]} 39. Kd1 {[%clk 00:09:05]} {[%emt 00:01:05]} Ne5 {[%clk
00:01:58]} {[%emt 00:00:25]} 40. h7 {[%clk 00:07:20]} {[%emt 00:02:11]} Kxh7
{[%clk 00:01:31]} {[%emt 00:01:02]} 41. Kc2 {[%clk 00:07:10]} {[%emt 00:00:39]}
Kg6 {[%clk 00:01:48]} {[%emt 00:00:13]} 42. Nd4 {[%clk 00:06:56]} {[%emt
00:00:43]} Kf6 {[%clk 00:01:00]} {[%emt 00:01:19]} 43. Kb3 {[%clk 00:07:16]}
{[%emt 00:00:10]} Nd3 {[%clk 00:00:50]} {[%emt 00:00:40]} 44. a4 {[%clk
00:05:09]} {[%emt 00:02:38]} Nc1+ {[%clk 00:13:16]} {[%emt 00:03:03]} 45. Kc2
{[%clk 00:19:22]} {[%emt 00:01:17]} Na2 {[%clk 00:12:43]} {[%emt 00:01:03]} 46.
axb5 {[%clk 00:19:37]} {[%emt 00:00:16]} Nb4+ {[%clk 00:12:44]} {[%emt
00:00:29]} 47. Kb3 {[%clk 00:18:36]} {[%emt 00:01:30]} axb5 {[%clk 00:12:55]}
{[%emt 00:00:20]} 48. Kxb4 {[%clk 00:18:53]} {[%emt 00:00:05]} Ke5 {[%clk
00:13:13]} {[%emt 00:00:19]} 49. Nxb5 {[%emt 00:00:06]} 1/2-1/2

[Event "DEM U10 2024"]
[Site "Willingen GER"]
[Date "2024.05.21"]
[Round "5"]
[White "Sutharjan, Dakxwin"]
[Black "Ding, Jerry Yunjie"]
[Result "1-0"]
[Termination "normal"]
[Board "8"]
[WhiteElo "1769"]
[BlackElo "1650"]
[WhiteClock "00:46:30"]
[BlackClock "00:27:33"]
[PlyCount "141"]
[WhiteFideId "34606548"]
[BlackFideId "34614869"]
[EventCountry "GER"]
[EventRounds "11"]
[EventType "swiss"]
[EventDate "2024.05.18"]

1. e4 {[%clk 01:15:58]} {[%emt 00:00:01]} c5 {[%clk 01:15:56]} {[%emt
00:00:04]} 2. c3 {[%clk 01:16:22]} {[%emt 00:00:06]} d5 {[%clk 01:16:22]}
{[%emt 00:00:04]} 3. exd5 {[%clk 01:16:38]} {[%emt 00:00:14]} Qxd5 {[%clk
01:16:45]} {[%emt 00:00:07]} 4. d4 {[%clk 01:17:02]} {[%emt 00:00:07]} e6
{[%clk 01:17:09]} {[%emt 00:00:06]} 5. Nf3 {[%clk 01:17:27]} {[%emt 00:00:04]}
Nf6 {[%clk 01:17:29]} {[%emt 00:00:09]} 6. Na3 {[%clk 01:17:52]} {[%emt
00:00:06]} Nc6 {[%clk 01:17:51]} {[%emt 00:00:08]} 7. Nb5 {[%clk 01:17:49]}
{[%emt 00:00:33]} Qd8 {[%clk 01:18:12]} {[%emt 00:00:09]} 8. dxc5 {[%clk
01:16:15]} {[%emt 00:02:04]} Bxc5 {[%clk 01:18:33]} {[%emt 00:00:09]} 9. Qxd8+
{[%clk 01:11:45]} {[%emt 00:05:00]} Kxd8 {[%clk 01:18:51]} {[%emt 00:00:13]}
10. Bg5 {[%clk 01:10:44]} {[%emt 00:01:29]} a6 {[%clk 01:16:19]} {[%emt
00:03:04]} 11. O-O-O+ {[%clk 01:09:53]} {[%emt 00:01:21]} Ke7 {[%clk 01:15:43]}
{[%emt 00:01:05]} 12. Nbd4 {[%clk 01:09:07]} {[%emt 00:01:16]} Bd7 {[%clk
01:14:53]} {[%emt 00:01:20]} 13. Be2 {[%clk 01:03:19]} {[%emt 00:06:18]} Rhc8
{[%clk 01:09:21]} {[%emt 00:06:01]} 14. Rhe1 {[%clk 01:00:30]} {[%emt
00:03:20]} Rd8 {[%clk 00:52:06]} {[%emt 00:17:45]} 15. Be3 {[%clk 00:56:33]}
{[%emt 00:04:26]} Bd6 {[%clk 00:49:03]} {[%emt 00:03:29]} 16. Bg5 {[%clk
00:48:55]} {[%emt 00:08:13]} Rac8 {[%clk 00:37:08]} {[%emt 00:12:25]} 17. Bxa6
{[%clk 00:48:22]} {[%emt 00:01:04]} Nxd4 {[%clk 00:29:44]} {[%emt 00:07:53]}
18. Nxd4 {[%clk 00:48:14]} {[%emt 00:00:37]} bxa6 {[%clk 00:28:33]} {[%emt
00:01:41]} 19. Nf5+ {[%clk 00:48:35]} {[%emt 00:00:09]} Kf8 {[%clk 00:28:27]}
{[%emt 00:00:37]} 20. Nxd6 {[%clk 00:48:34]} {[%emt 00:00:30]} Rc7 {[%clk
00:24:28]} {[%emt 00:04:30]} 21. Ne4 {[%clk 00:47:59]} {[%emt 00:01:04]} Ke7
{[%clk 00:23:57]} {[%emt 00:01:01]} 22. Bf4 {[%clk 00:47:37]} {[%emt 00:00:52]}
Rc4 {[%clk 00:22:35]} {[%emt 00:01:53]} 23. Bd6+ {[%clk 00:42:21]} {[%emt
00:05:46]} Ke8 {[%clk 00:22:24]} {[%emt 00:00:41]} 24. Nc5 {[%clk 00:41:47]}
{[%emt 00:01:04]} Bc6 {[%clk 00:19:40]} {[%emt 00:03:14]} 25. Nxa6 {[%clk
00:41:11]} {[%emt 00:01:06]} Ba4 {[%clk 00:18:59]} {[%emt 00:01:10]} 26. b3
{[%clk 00:40:26]} {[%emt 00:01:16]} Bxb3 {[%clk 00:19:00]} {[%emt 00:00:29]}
27. axb3 {[%clk 00:40:42]} {[%emt 00:00:14]} Rxc3+ {[%clk 00:19:24]} {[%emt
00:00:06]} 28. Kb2 {[%clk 00:41:09]} {[%emt 00:00:04]} Rc6 {[%clk 00:19:46]}
{[%emt 00:00:07]} 29. Nc7+ {[%clk 00:41:35]} {[%emt 00:00:04]} Kd7 {[%clk
00:19:39]} {[%emt 00:00:37]} 30. Be5+ {[%clk 00:40:25]} {[%emt 00:01:40]} Kc8
{[%clk 00:19:40]} {[%emt 00:00:29]} 31. Rxd8+ {[%clk 00:39:25]} {[%emt
00:01:30]} Kxd8 {[%clk 00:19:56]} {[%emt 00:00:14]} 32. Bxf6+ {[%clk 00:39:50]}
{[%emt 00:00:04]} gxf6 {[%clk 00:20:20]} {[%emt 00:00:06]} 33. Nb5 {[%clk
00:40:11]} {[%emt 00:00:09]} Rc5 {[%clk 00:20:30]} {[%emt 00:00:21]} 34. Nc3
{[%clk 00:40:14]} {[%emt 00:00:27]} Rf5 {[%clk 00:20:45]} {[%emt 00:00:14]} 35.
f3 {[%clk 00:40:35]} {[%emt 00:00:10]} Rg5 {[%clk 00:20:51]} {[%emt 00:00:24]}
36. Re2 {[%clk 00:40:47]} {[%emt 00:00:18]} Kc7 {[%clk 00:20:58]} {[%emt
00:00:23]} 37. b4 {[%clk 00:40:05]} {[%emt 00:01:12]} Kb6 {[%clk 00:21:16]}
{[%emt 00:00:12]} 38. Kb3 {[%clk 00:39:50]} {[%emt 00:00:45]} h5 {[%clk
00:21:34]} {[%emt 00:00:11]} 39. Ne4 {[%clk 00:39:43]} {[%emt 00:00:37]} Rf5
{[%clk 00:21:39]} {[%emt 00:00:26]} 40. Nd6 {[%clk 00:39:57]} {[%emt 00:00:16]}
Rg5 {[%clk 00:21:49]} {[%emt 00:00:19]} 41. Nxf7 {[%clk 00:40:13]} {[%emt
00:00:14]} Rg7 {[%clk 00:21:47]} {[%emt 00:00:32]} 42. Rxe6+ {[%clk 00:39:53]}
{[%emt 00:00:51]} Kc7 {[%clk 00:22:00]} {[%emt 00:00:17]} 43. Re7+ {[%clk
00:39:58]} {[%emt 00:00:25]} Kb6 {[%clk 00:22:15]} {[%emt 00:00:15]} 44. g3
{[%clk 00:39:53]} {[%emt 00:00:34]} f5 {[%clk 00:21:39]} {[%emt 00:01:06]} 45.
Re6+ {[%clk 00:39:59]} {[%emt 00:00:25]} Kc7 {[%clk 00:22:01]} {[%emt
00:00:08]} 46. Rf6 {[%clk 00:40:24]} {[%emt 00:00:06]} Kd7 {[%clk 00:22:14]}
{[%emt 00:00:16]} 47. Rxf5 {[%clk 00:40:34]} {[%emt 00:00:20]} Ke6 {[%clk
00:22:38]} {[%emt 00:00:06]} 48. Rxh5 {[%clk 00:40:29]} {[%emt 00:00:35]} Rxf7
{[%clk 00:23:01]} {[%emt 00:00:07]} 49. f4 {[%clk 00:40:55]} {[%emt 00:00:03]}
Rd7 {[%clk 00:23:10]} {[%emt 00:00:22]} 50. Ka4 {[%clk 00:41:06]} {[%emt
00:00:19]} Ra7+ {[%clk 00:23:23]} {[%emt 00:00:17]} 51. Kb5 {[%clk 00:41:29]}
{[%emt 00:00:06]} Kd6 {[%clk 00:23:45]} {[%emt 00:00:08]} 52. Kb6 {[%clk
00:41:47]} {[%emt 00:00:13]} Ra4 {[%clk 00:24:06]} {[%emt 00:00:09]} 53. b5
{[%clk 00:42:10]} {[%emt 00:00:07]} Ra8 {[%clk 00:24:18]} {[%emt 00:00:18]} 54.
Kb7 {[%clk 00:42:26]} {[%emt 00:00:13]} Rg8 {[%clk 00:24:19]} {[%emt 00:00:29]}
55. b6 {[%clk 00:42:33]} {[%emt 00:00:23]} Rg7+ {[%clk 00:24:34]} {[%emt
00:00:15]} 56. Ka8 {[%clk 00:42:39]} {[%emt 00:00:24]} Kc6 {[%clk 00:24:35]}
{[%emt 00:00:30]} 57. b7 {[%clk 00:42:43]} {[%emt 00:00:25]} Rxb7 {[%clk
00:24:43]} {[%emt 00:00:23]} 58. Rh6+ {[%clk 00:43:07]} {[%emt 00:00:06]} Kc7
{[%clk 00:25:08]} {[%emt 00:00:05]} 59. Rh7+ {[%clk 00:43:34]} {[%emt
00:00:03]} Kd6 {[%clk 00:25:32]} {[%emt 00:00:06]} 60. Rxb7 {[%clk 00:43:42]}
{[%emt 00:00:22]} Ke6 {[%clk 00:25:55]} {[%emt 00:00:07]} 61. g4 {[%clk
00:43:52]} {[%emt 00:00:20]} Kf6 {[%clk 00:25:49]} {[%emt 00:00:36]} 62. h4
{[%clk 00:43:24]} {[%emt 00:00:58]} Kg6 {[%clk 00:26:03]} {[%emt 00:00:16]} 63.
h5+ {[%clk 00:43:48]} {[%emt 00:00:06]} Kh6 {[%clk 00:26:27]} {[%emt 00:00:06]}
64. Rb6+ {[%clk 00:44:16]} {[%emt 00:00:02]} Kg7 {[%clk 00:26:49]} {[%emt
00:00:08]} 65. g5 {[%clk 00:44:41]} {[%emt 00:00:05]} Kf7 {[%clk 00:26:57]}
{[%emt 00:00:22]} 66. f5 {[%clk 00:45:01]} {[%emt 00:00:10]} Kg7 {[%clk
00:27:11]} {[%emt 00:00:16]} 67. Rb7+ {[%clk 00:45:25]} {[%emt 00:00:06]} Kg8
{[%clk 00:27:28]} {[%emt 00:00:12]} 68. g6 {[%clk 00:45:51]} {[%emt 00:00:05]}
Kh8 {[%clk 00:27:10]} {[%emt 00:00:48]} 69. h6 {[%clk 00:46:13]} {[%emt
00:00:08]} Kg8 {[%clk 00:27:22]} {[%emt 00:00:17]} 70. f6 {[%clk 00:46:30]}
{[%emt 00:00:14]} Kh8 {[%clk 00:27:33]} {[%emt 00:00:19]} 71. Rb8 {[%emt
00:00:07]} 1-0

[Event "DEM U10 2024"]
[Site "Willingen GER"]
[Date "2024.05.21"]
[Round "5"]
[White "Stoyanov, Victor"]
[Black "Alloussi, Arian"]
[Result "1-0"]
[Termination "normal"]
[Board "9"]
[WhiteElo "1658"]
[BlackElo "1697"]
[WhiteClock "00:01:18"]
[BlackClock "00:03:49"]
[PlyCount "104"]
[WhiteFideId "5401240"]
[BlackFideId "34637788"]
[EventCountry "GER"]
[EventRounds "11"]
[EventType "swiss"]
[EventDate "2024.05.18"]

1. e4 {[%clk 01:15:58]} e5 {[%clk 01:15:52]} {[%emt 00:00:10]} 2. Nf3 {[%clk
01:16:25]} {[%emt 00:00:04]} Nc6 {[%clk 01:16:13]} {[%emt 00:00:08]} 3. d4
{[%clk 01:16:52]} {[%emt 00:00:03]} exd4 {[%clk 01:16:34]} {[%emt 00:00:08]} 4.
Nxd4 {[%clk 01:17:17]} {[%emt 00:00:05]} Bc5 {[%clk 01:16:53]} {[%emt
00:00:10]} 5. Nb3 {[%clk 01:17:42]} {[%emt 00:00:06]} Bb6 {[%clk 01:17:18]}
{[%emt 00:00:06]} 6. Nc3 {[%clk 01:18:05]} {[%emt 00:00:07]} Nf6 {[%clk
01:16:54]} {[%emt 00:00:54]} 7. Qe2 {[%clk 01:18:27]} {[%emt 00:00:07]} O-O
{[%clk 01:13:46]} {[%emt 00:03:39]} 8. Bg5 {[%clk 01:18:44]} {[%emt 00:00:12]}
h6 {[%clk 01:12:04]} {[%emt 00:02:11]} 9. Bh4 {[%clk 01:18:07]} {[%emt
00:01:08]} Re8 {[%clk 01:03:39]} {[%emt 00:08:55]} 10. O-O-O {[%clk 01:15:26]}
{[%emt 00:03:10]} a5 {[%clk 00:55:51]} {[%emt 00:08:19]} 11. a4 {[%clk
01:15:26]} {[%emt 00:00:30]} d6 {[%clk 00:52:39]} {[%emt 00:03:42]} 12. f3
{[%clk 01:03:51]} {[%emt 00:12:05]} Be6 {[%clk 00:51:46]} {[%emt 00:01:23]} 13.
Bf2 {[%clk 01:02:11]} {[%emt 00:02:10]} Bxf2 {[%clk 00:45:03]} {[%emt
00:07:13]} 14. Qxf2 {[%clk 01:02:21]} {[%emt 00:00:20]} Bxb3 {[%clk 00:45:26]}
{[%emt 00:00:08]} 15. cxb3 {[%clk 01:02:38]} {[%emt 00:00:12]} Nb4 {[%clk
00:43:16]} {[%emt 00:02:40]} 16. Bc4 {[%clk 00:58:33]} {[%emt 00:04:35]} Qe7
{[%clk 00:42:03]} {[%emt 00:01:42]} 17. g4 {[%clk 00:49:32]} {[%emt 00:09:32]}
Qe5 {[%clk 00:27:21]} {[%emt 00:15:13]} 18. Rd2 {[%clk 00:44:34]} {[%emt
00:05:27]} Rac8 {[%clk 00:24:51]} {[%emt 00:03:00]} 19. Kb1 {[%clk 00:39:25]}
{[%emt 00:05:39]} Qf4 {[%clk 00:13:54]} {[%emt 00:11:27]} 20. Qg2 {[%clk
00:33:34]} {[%emt 00:06:21]} Nd7 {[%clk 00:13:37]} {[%emt 00:00:48]} 21. Nd5
{[%clk 00:18:56]} {[%emt 00:15:08]} Nxd5 {[%clk 00:12:14]} {[%emt 00:01:52]}
22. Bxd5 {[%clk 00:17:49]} {[%emt 00:01:38]} c6 {[%clk 00:11:04]} {[%emt
00:01:40]} 23. Bc4 {[%clk 00:17:12]} {[%emt 00:01:07]} Nb6 {[%clk 00:10:32]}
{[%emt 00:01:00]} 24. Rhd1 {[%clk 00:15:00]} {[%emt 00:02:43]} Nxc4 {[%clk
00:10:18]} {[%emt 00:00:44]} 25. bxc4 {[%clk 00:15:15]} {[%emt 00:00:15]} Rcd8
{[%clk 00:09:20]} {[%emt 00:01:29]} 26. Rd3 {[%clk 00:12:30]} {[%emt 00:03:15]}
Re7 {[%clk 00:07:18]} {[%emt 00:02:31]} 27. Qg3 {[%clk 00:11:54]} {[%emt
00:01:06]} Qxg3 {[%clk 00:07:26]} {[%emt 00:00:22]} 28. hxg3 {[%clk 00:12:22]}
{[%emt 00:00:02]} Red7 {[%clk 00:07:47]} {[%emt 00:00:10]} 29. Kc2 {[%clk
00:10:56]} {[%emt 00:01:55]} Kf8 {[%clk 00:07:30]} {[%emt 00:00:47]} 30. Kc3
{[%clk 00:10:47]} {[%emt 00:00:39]} Ke7 {[%clk 00:07:05]} {[%emt 00:00:55]} 31.
b4 {[%clk 00:10:32]} {[%emt 00:00:46]} axb4+ {[%clk 00:06:23]} {[%emt
00:01:12]} 32. Kxb4 {[%clk 00:10:52]} {[%emt 00:00:09]} c5+ {[%clk 00:06:14]}
{[%emt 00:00:39]} 33. Kb5 {[%clk 00:10:51]} {[%emt 00:00:31]} Ra8 {[%clk
00:05:26]} {[%emt 00:01:18]} 34. e5 {[%clk 00:10:06]} {[%emt 00:01:15]} Rb8
{[%clk 00:03:41]} {[%emt 00:02:16]} 35. Rxd6 {[%clk 00:09:14]} {[%emt
00:01:22]} Rxd6 {[%clk 00:03:46]} {[%emt 00:00:24]} 36. Rxd6 {[%clk 00:09:11]}
{[%emt 00:00:33]} Rc8 {[%clk 00:03:56]} {[%emt 00:00:20]} 37. Kb6 {[%clk
00:08:30]} {[%emt 00:01:12]} Ra8 {[%clk 00:03:54]} {[%emt 00:00:32]} 38. a5
{[%clk 00:06:12]} {[%emt 00:02:48]} Ra6+ {[%clk 00:04:00]} {[%emt 00:00:23]}
39. Kb5 {[%clk 00:06:29]} {[%emt 00:00:13]} Ra8 {[%clk 00:03:57]} {[%emt
00:00:32]} 40. a6 {[%clk 00:05:51]} {[%emt 00:01:09]} bxa6+ {[%clk 00:03:12]}
{[%emt 00:01:15]} 41. Rxa6 {[%clk 00:06:11]} {[%emt 00:00:10]} Rb8+ {[%clk
00:03:15]} {[%emt 00:00:27]} 42. Rb6 {[%clk 00:06:35]} {[%emt 00:00:06]} Rc8
{[%clk 00:03:32]} {[%emt 00:00:14]} 43. f4 {[%clk 00:03:17]} {[%emt 00:03:46]}
Kd7 {[%clk 00:03:11]} {[%emt 00:00:51]} 44. f5 {[%clk 00:02:27]} {[%emt
00:01:20]} Rc7 {[%clk 00:02:38]} {[%emt 00:01:05]} 45. Rd6+ {[%clk 00:02:31]}
{[%emt 00:00:25]} Ke7 {[%clk 00:02:54]} {[%emt 00:00:14]} 46. Rc6 {[%clk
00:02:10]} {[%emt 00:00:50]} Rb7+ {[%clk 00:02:30]} {[%emt 00:00:54]} 47. Kxc5
{[%clk 00:02:32]} {[%emt 00:00:09]} Rb3 {[%clk 00:02:51]} {[%emt 00:00:09]} 48.
Rc7+ {[%clk 00:01:49]} {[%emt 00:01:13]} Ke8 {[%clk 00:03:07]} {[%emt
00:00:13]} 49. Kc6 {[%clk 00:00:55]} {[%emt 00:01:25]} Rxg3 {[%clk 00:03:29]}
{[%emt 00:00:09]} 50. f6 {[%clk 00:00:58]} {[%emt 00:00:27]} gxf6 {[%clk
00:03:27]} {[%emt 00:00:32]} 51. exf6 {[%clk 00:01:17]} {[%emt 00:00:10]} Kd8
{[%clk 00:03:35]} {[%emt 00:00:22]} 52. Rxf7 {[%clk 00:01:18]} {[%emt
00:00:29]} Rxg4 {[%clk 00:03:49]} {[%emt 00:00:16]} 1-0